[Event "Osijek op"]
[Site "Osijek"]
[Date "2015.03.07"]
[Round "6"]
[White "Zaric, Aleksandar"]
[Black "Jergovic, Andrija"]
[Result "0-1"]
[WhiteElo "1789"]
[BlackElo "1927"]
[PlyCount "61"]
[EventDate "2015.03.05"]
[EventType "swiss"]
[EventRounds "7"]
[EventCountry "CRO"]
[SourceTitle "CBM 165 Extra"]
[Source "ChessBase"]
[SourceDate "2015.04.21"]
[SourceVersion "1"]
[SourceVersionDate "2015.04.21"]
[SourceQuality "1"]

1. e4 c5 2. Nf3 Nc6 3. d4 cxd4 4. Nxd4 e5 5. Nf3 Nf6 6. Bd3 d5 7. Nbd2 Be7 8. h3 0-0 9. 0-0 Qc7 10. a3 Rd8 11. Qe2 d4 12. Re1 a6 13. Nf1 b5 14. Ng3 g6 15. Nh2 Na5 16. b3 Nb7 17. b4 Be6 18. h4 h5 19. Bg5 Ng4 20. Nf3 f6 21. Bd2 Nd6 22. Nh2 Nc4 23. Bc1 a5 24. Nxg4 Bxg4 25. f3 Be6 26. bxa5 Rxa5 27. Rf1 Bxa3 28. Bxa3 Rxa3 29. Rxa3 Nxa3 30. Qd2 Nc4 31. Ra1 0-1

[Event "Osijek Baranja CupT 6th"]
[Site "Osijek"]
[Date "2013.03.10"]
[Round "4.4"]
[White "Zaric, Aleksandar"]
[Black "Brkic, Valent"]
[Result "0-1"]
[WhiteElo "1784"]
[BlackElo "1881"]
[PlyCount "78"]
[EventDate "2013.03.08"]
[EventType "team-tourn"]
[EventRounds "5"]
[EventCountry "CRO"]
[SourceTitle "EXT 2014"]
[Source "ChessBase"]
[SourceDate "2013.11.20"]
[SourceVersion "1"]
[SourceVersionDate "2013.11.20"]
[SourceQuality "1"]

1. e4 c5 2. Nc3 g6 3. Nf3 Bg7 4. Be2 Nc6 5. d3 Nf6 6. h3 0-0 7. 0-0 d5 8. exd5 Nxd5 9. Ne4 b6 10. Rb1 Bb7 11. a3 Qc7 12. Bd2 Nf4 13. Bxf4 Qxf4 14. Qd2 Qxd2 15. Nexd2 Rad8 16. Nc4 b5 17. Ne3 Nd4 18. Nxd4 cxd4 19. Ng4 h5 20. Nh2 Rc8 21. Bd1 Rc7 22. Re1 e6 23. Nf1 a5 24. b3 Bd5 25. Rb2 Rfc8 26. Re2 Bf8 27. a4 bxa4 28. bxa4 Rc3 29. Ng3 Ra3 30. Rb1 Bc6 31. Re5 Bb4 32. Ne4 Bxa4 33. g4 hxg4 34. hxg4 Kg7 35. g5 Bc6 36. f4 Rh8 37. f5 gxf5 38. Nf6 Bd6 39. Re1 Kg6 0-1

[Event "Osijek op"]
[Site "Osijek"]
[Date "2010.01.27"]
[Round "5"]
[White "Djaic, Kristijan"]
[Black "Zaric, Aleksandar"]
[Result "0-1"]
[WhiteElo "1641"]
[BlackElo "1807"]
[PlyCount "80"]
[EventDate "2010.01.23"]
[EventType "swiss"]
[EventRounds "9"]
[EventCountry "CRO"]
[SourceTitle "CBM 134 Extra"]
[Source "ChessBase"]
[SourceDate "2010.03.03"]
[SourceVersion "1"]
[SourceVersionDate "2010.03.03"]
[SourceQuality "1"]

1. e4 e5 2. f4 exf4 3. Nf3 g5 4. h4 g4 5. Bc4 gxf3 6. Qxf3 Qf6 7. d3 Bh6 8. Nc3 c6 9. h5 Ne7 10. 0-0 Qh4 11. Ne2 d5 12. exd5 Bg4 13. Qe4 Bxe2 14. Qxe2 0-0 15. Qe4 cxd5 16. Bxd5 Nxd5 17. Qxd5 Nc6 18. Bd2 Bg7 19. Rxf4 Bd4+ 20. Kf1 Qh1+ 21. Ke2 Rae8+ 22. Kf3 Qxa1 23. Qg5+ Kh8 24. Rxd4 Qd1+ 25. Kg3 Rg8 26. Rg4 Rxg5 27. Bxg5 Qxg4+ 28. Kxg4 Re2 29. Bf6+ Kg8 30. g3 Rxc2 31. a3 Rd2 32. Kf5 Rf2+ 33. Kg5 h6+ 34. Kxh6 Rxf6+ 35. Kg5 Rf2 36. g4 Kh7 37. b4 b5 38. Kh4 f6 39. Kg3 Rd2 40. Kf4 Rxd3 0-1

[Event "Borovo op"]
[Site "Borovo"]
[Date "2010.01.05"]
[Round "7"]
[White "Petrovic, David"]
[Black "Zaric, Aleksandar"]
[Result "0-1"]
[WhiteElo "1731"]
[BlackElo "1807"]
[PlyCount "71"]
[EventDate "2010.01.02"]
[EventType "swiss"]
[EventRounds "9"]
[EventCountry "CRO"]
[SourceTitle "CBM 134 Extra"]
[Source "ChessBase"]
[SourceDate "2010.03.03"]
[SourceVersion "1"]
[SourceVersionDate "2010.03.03"]
[SourceQuality "1"]

1. e4 e5 2. Nf3 Nf6 3. Nxe5 d6 4. Nf3 Nxe4 5. d4 d5 6. Bd3 Bg4 7. h3 Bh5 8. Nbd2 f5 9. c3 Nd7 10. Be2 Bd6 11. Nh2 Bg6 12. 0-0 0-0 13. Bh5 Qf6 14. Bxg6 Qxg6 15. Nxe4 fxe4 16. Qe2 Rae8 17. Ng4 h5 18. Ne3 c6 19. Bd2 Rf3 20. Kh1 Ref8 21. g3 Bxg3 22. fxg3 Qxg3 23. Qg2 Qh4 24. Rxf3 Rxf3 25. Be1 Qxh3+ 26. Qxh3 Rxh3+ 27. Kg2 Rxe3 28. Kf2 Rh3 29. Kg2 Rf3 30. Bd2 Kf7 31. Rh1 g6 32. Re1 Kf6 33. Rh1 Kf5 34. Bc1 Nf6 35. Bd2 Ng4 36. Re1 0-1

[Event "Osijek OBZ Cup 2nd"]
[Site "Osijek"]
[Date "2009.03.13"]
[Round "1.3"]
[White "Zaric, Aleksandar"]
[Black "Marjanovic, Danijel"]
[Result "0-1"]
[WhiteElo "1781"]
[BlackElo "2083"]
[PlyCount "94"]
[EventDate "2009.03.13"]
[EventType "team-tourn"]
[EventRounds "5"]
[EventCountry "CRO"]
[SourceTitle "EXT 2011"]
[Source "ChessBase"]
[SourceDate "2010.11.26"]
[SourceVersion "1"]
[SourceVersionDate "2010.11.26"]
[SourceQuality "1"]

1. e4 c6 2. f4 d5 3. e5 e6 4. Nf3 c5 5. c3 Nc6 6. d3 Be7 7. Be2 Nh6 8. Nbd2 Nf5 9. Nf1 h5 10. Ne3 g6 11. Bd2 b6 12. Qc2 Bb7 13. a3 Rc8 14. g3 f6 15. Nxf5 exf5 16. exf6 Bxf6 17. 0-0 0-0 18. h4 Re8 19. Rae1 d4 20. c4 Qd7 21. Kf2 Re6 22. b4 Rce8 23. b5 Nd8 24. Qd1 Nf7 25. a4 Nh6 26. Ng5 R6e7 27. a5 Ng4+ 28. Bxg4 fxg4 29. Rxe7 Rxe7 30. Re1 bxa5 31. Bxa5 Re3 32. Rxe3 dxe3+ 33. Kxe3 Bd4+ 34. Kd2 Bf2 35. Qe2 Bxg3 36. Qe6+ Qxe6 37. Nxe6 Bc8 38. Nxc5 Bxf4+ 39. Ke2 g5 40. hxg5 h4 41. Ne4 g3 42. Be1 Bg4+ 43. Kf1 Bf3 44. c5 Bxe4 45. dxe4 h3 46. Kg1 Be3+ 47. Bf2 Bxf2+ 0-1

[Event "Osijek op 3rd"]
[Site "Osijek"]
[Date "2007.12.16"]
[Round "9.15"]
[White "Kolak, Mate"]
[Black "Zaric, Aleksandar"]
[Result "1/2-1/2"]
[WhiteElo "1748"]
[BlackElo "1886"]
[PlyCount "22"]
[EventDate "2007.12.08"]
[EventType "swiss"]
[EventRounds "9"]
[EventCountry "CRO"]
[SourceTitle "CBM 121 Extra"]
[Source "ChessBase"]
[SourceDate "2008.01.10"]
[SourceVersion "1"]
[SourceVersionDate "2008.01.10"]
[SourceQuality "1"]

1. e4 e5 2. Bc4 Nf6 3. d3 h6 4. Nf3 Nc6 5. Nc3 Bb4 6. Bd2 d6 7. Nd5 Bxd2+ 8. Qxd2 Be6 9. Nxf6+ Qxf6 10. Bxe6 Qxe6 11. 0-0 0-0 1/2-1/2

[Event "Osijek op 3rd"]
[Site "Osijek"]
[Date "2007.12.09"]
[Round "3.9"]
[White "Zaric, Aleksandar"]
[Black "Kovacevic, Srecko"]
[Result "0-1"]
[WhiteElo "1886"]
[BlackElo "2090"]
[PlyCount "88"]
[EventDate "2007.12.08"]
[EventType "swiss"]
[EventRounds "9"]
[EventCountry "CRO"]
[SourceTitle "CBM 121 Extra"]
[Source "ChessBase"]
[SourceDate "2008.01.10"]
[SourceVersion "1"]
[SourceVersionDate "2008.01.10"]
[SourceQuality "1"]

1. e4 d6 2. f4 c5 3. Nf3 Nc6 4. Bb5 Bd7 5. c3 Nf6 6. d3 e6 7. Be3 Be7 8. Nbd2 0-0 9. 0-0 Ng4 10. Qe2 Nxe3 11. Qxe3 Qb6 12. Bxc6 Bxc6 13. b3 Qc7 14. Kh1 b5 15. h3 Rad8 16. Nh2 d5 17. Ng4 f6 18. h4 Qb7 19. Rae1 dxe4 20. dxe4 Rd7 21. Nf3 Rfd8 22. Nf2 h6 23. Kh2 a5 24. Kh3 b4 25. c4 Qa8 26. Ra1 a4 27. Rfe1 Ra7 28. Qc1 Qb7 29. Rb1 axb3 30. axb3 Ra2 31. Rb2 Qa6 32. Ree2 Qa3 33. Qc2 Rxb2 34. Qxb2 Qxb2 35. Rxb2 Ra8 36. g4 Ra1 37. Kg3 Rc1 38. g5 hxg5 39. hxg5 Kf7 40. Kg4 Rc3 41. gxf6 gxf6 42. Nd2 Bd7 43. Ra2 Kg6 44. Nd1 f5+ 0-1

[Event "Osijek op"]
[Site "Osijek"]
[Date "2005.02.15"]
[Round "5"]
[White "Pavlovic, Vladimir"]
[Black "Zaric, Aleksandar"]
[Result "1-0"]
[WhiteElo "1942"]
[BlackElo "1816"]
[PlyCount "109"]
[EventDate "2005.02.12"]
[EventType "swiss"]
[EventRounds "9"]
[EventCountry "CRO"]
[SourceTitle "EXT 2006"]
[Source "ChessBase"]
[SourceDate "2005.11.24"]
[SourceVersion "1"]
[SourceVersionDate "2005.11.24"]
[SourceQuality "1"]

1. d4 b6 2. e4 e6 3. Nc3 Bb7 4. Nf3 Be7 5. Bd3 Nf6 6. e5 Nd5 7. Ne4 h6 8. 0-0 Nb4 9. Ng3 Nxd3 10. Qxd3 d5 11. Re1 Nd7 12. Nh5 g6 13. Nf4 Nf8 14. h3 Nh7 15. a4 a5 16. Nh2 Ba6 17. Qg3 Ng5 18. Ng4 Ne4 19. Qf3 Ng5 20. Qc3 Qd7 21. Nf6+ Bxf6 22. exf6 Ne4 23. Qf3 Ng5 24. Qg4 0-0-0 25. Nd3 Bxd3 26. cxd3 Nh7 27. Qf3 g5 28. Bd2 Kb7 29. b4 axb4 30. Bxb4 Ra8 31. a5 b5 32. Rec1 c6 33. Bc5 Qc7 34. a6+ Kc8 35. Be7 Nf8 36. Qe3 Ng6 37. Bb4 Kd7 38. g3 Qc8 39. a7 Qd8 40. Ra6 Qxf6 41. Rcxc6 Rhd8 42. Rcb6 Rdc8 43. Rb7+ Ke8 44. Rxb5 Ne7 45. Bd6 Nf5 46. Qe5 Qxe5 47. Bxe5 Ne7 48. Rb8 Kd7 49. Rb7+ Ke8 50. Rd6 Nc6 51. Rdd7 Nxe5 52. dxe5 Rc1+ 53. Kg2 Rc3 54. Rxf7 Rxd3 55. Rh7 1-0